000 00486nam a22001817a 4500
003 NUST - PNEC
005 20170116180817.0
008 150609b xxu||||| |||| 00| 0 eng d
020 _a-
040 _cLIBRARY
082 _a309.15404 RAQ
100 _93762
_aRaquib, Mirza A.
245 _aRandom Thoughts
_cMirza A. Raquib
260 _aKarachi:
_bFerozsons Printers (Pvt.)Ltd.,
_cc1991.
300 _a207 p. :
_c22 cm.
650 _93763
_aNaval matters
_xGeneral
942 _2ddc
_cBK
999 _c63575
_d63575